Zioła i przyprawy po angielsku - Statystyki

Ogólne statystyki
  • Ten quiz został rozwiązany 29 razy
    22 od ostatniego zresetowania
  • Średni wynik to 10 z 29
Statystyki odpowiedzi
Słowo Odpowiedź % Poprawnych
wanilia vanilla
94%
chili chilli
82%
curry curry
82%
cynamon cinnamon
71%
mięta mint
71%
oregano oregano
71%
imbir ginger
59%
bazylia basil
53%
trawa cytrynowa lemon grass
53%
tymianek thyme
47%
kminek cumin
41%
rozmaryn rosemary
41%
koper dill
29%
pietruszka parsley
29%
szczypiorek chives
24%
gałka muszkatołowa nutmeg
24%
kurkuma turmeric
24%
anyż anise
18%
liść laurowy bay leaf
18%
koper włoski fennel
18%
szafran saffron
18%
szałwia sage
18%
kardamon cardamom
12%
goździki cloves
12%
kolendra coriander
12%
ziele angielskie allspice
6%
ziarnko pieprzu peppercorn
6%
rumianek chamomile
0%
majeranek marjoram
0%
Nie znaleziono quizów pasujących do podanych kryteriów
Rozkład punktacji
Procent ludzi z każdym wynikiem
Percentyl według liczby udzielonych odpowiedzi
Twoja historia wyników
Nie rozwiązałeś tego quizu od ostatniego zresetowania